[Event "Tourn. n8907"]
[Site "www.chess-mail.com"]
[Date "2016.07.30"]
[Round "1"]
[White "Jhzes"]
[Black "Bojan"]
[WhiteElo "1850"]
[BlackElo "1930"]
[Result "1-0"]
[Round "1"]
1.Ng1f3 c5
2.c4 a6
3.e3 Ng8f6
4.Nb1c3 b6
5.g3 Bc8b7
6.Bf1g2 Ra8a7
7.d4 e6
8.O-O cxd4
9.Qd1xd4 Nb8c6
10.Qd4d2 Qd8c7
11.a3 Bf8c5
12.b4 Bc5d6
13.b5 axb5
14.Nc3xb5 Qc7b8
15.Nb5xd6 Ke7
16.Nd6xb7 Ra7xb7
17.Nf3d4 Rh8d8
18.Bg2xc6 dxc6
19.Nd4xc6 Ke8
20.Qd2xd8 Qb8xd8
21.Nc6xd8 Kxd8
22.Rf1d1 Ke7
23.f3 Rb7c7
24.Rd1d4 e5
25.Rd4h4 h5
26.e4 Rc7xc4
27.Bc1g5 g6
28.Ra1c1 Rc4a4
29.Rc1c6 Ra4xa3
30.Bg5xf6 Kd7
31.Rc6xb6 Ra3xf3
32.Bf6xe5 { resign }
1-0

[Event "Tourn. n8878"]
[Site "www.chess-mail.com"]
[Date "2016.07.30"]
[Round "1"]
[White "Frisker"]
[Black "Senitram"]
[WhiteElo "2240"]
[BlackElo "2710"]
[Result "0-1"]
[Round "1"]
1.d4 Ng8f6
2.Ng1f3 g6
3.c4 Bf8g7
4.Nb1c3 O-O
5.e4 d6
6.Bf1e2 Bc8g4
7.O-O Nf6d7
8.Bc1e3 c5
9.Qd1d2 Nb8c6
10.d5 Bg4xf3
11.gxf3 Nc6d4
12.Be3h6 Nd4xe2
13.Nc3xe2 Nd7e5
14.Kg2 Ne5xc4
{ resign }
0-1

[Event "Tourn. n8882"]
[Site "www.chess-mail.com"]
[Date "2016.07.30"]
[Round "1"]
[White "Jesmantiz"]
[Black "Osopanda"]
[WhiteElo "2140"]
[BlackElo "2020"]
[Result "1-0"]
[Round "1"]
1.d4 d5
2.e3 e6
3.Bf1d3 Ng8f6
4.Nb1d2 c5
5.c3 Nb8c6
6.f4 Bf8d6
7.a3 cxd4
8.cxd4 O-O
9.Ng1f3 Nf6d7
10.O-O f6
11.b4 a6
12.Nd2b3 b6
13.Qd1c2 Bc8b7
14.Bd3xh7 Kh8
15.Bh7g6 e5
16.Qc2f5 { resign }
1-0

[Event "Match"]
[Site "www.echecsemail.com"]
[Date "2016.07.30"]
[Round "1"]
[White "Fbeley"]
[Black "Jhzes"]
[WhiteElo "2010"]
[BlackElo "1960"]
[Result "0-1"]
[Round "1"]
1.e4 e6
2.d4 d5
3.e5 b6
4.f4 f5
5.Ng1f3 g6
6.Bc1e3 Bc8b7
7.Nb1c3 Bf8b4
8.Bf1d3 Bb4xc3
9.bxc3 a5
10.c4 Ng8e7
11.Ra1b1 Nb8d7
12.c5 Ra8b8
13.cxb6 Nd7xb6
14.Nf3g5 Qd8d7
15.c4 dxc4
16.Bd3c2 O-O
17.O-O Nb6d5
18.Be3c1 Nd5c3
19.Qd1d2 Nc3xb1
20.Bc2xb1 Bb7xg2
21.Qd2xg2 Rb8xb1
22.Qg2c2 Qd7xd4
23.Rf1f2 Qd4a1
24.Rf2f1 c3
25.Ng5xe6 Rf8c8
26.Ne6c5 Ne7d5
27.Nc5b3 Rb1xc1
28.Rf1xc1 Qa1b2
29.Qc2d3 c6
30.Qd3c4 Qb2xa2
31.Rc1xc3 Kg7
32.Rc3c2 Qa2a3
33.Rc2e2 a4
34.e6 Qa3xb3
35.Qc4xb3 axb3
{ resign }
0-1

[Event "Match"]
[Site "www.echecsemail.com"]
[Date "2016.07.30"]
[Round "1"]
[White "Ranjachess"]
[Black "Rindrandria"]
[WhiteElo "1730"]
[BlackElo "1650"]
[Result "0-1"]
[Round "1"]
1.d4 h6
2.e4 Ng8f6
3.Bf1d3 Nb8c6
4.e5 Nf6d5
5.a3 Nc6xd4
6.Bd3e4 Nd4xc2
7.Qd1xc2 e6
8.Ng1f3 c5
9.O-O Qd8c7
10.Rf1d1 Nd5b6
11.Nb1c3 a6
12.b3 d5
13.Be4d3 f5
14.Bc1e3 d4
15.Nc3b5 axb5
16.Bd3xb5 Bc8d7
17.Bb5xd7 Qc7xd7
18.Be3f4 Nb6d5
19.Qc2d2 Nd5xf4
20.Qd2xf4 g5
21.Qf4c1 g4
22.Nf3h4 Rh8g8
23.b4 Bf8e7
24.Qc1xh6 O-O-O
25.Nh4g6 Be7f8
26.Ng6xf8 Rd8xf8
27.Qh6c1 b6
28.bxc5 b5
29.c6 Qd7c7
30.Qc1c5 Qc7a5
31.Qc5xd4 Rf8d8
32.Qd4b2 Rd8xd1
33.Ra1xd1 Rg8d8
34.Qb2c1 Qa5a4
35.Rd1xd8 Kxd8
36.Qc1d1 Qa4xd1

0-1

[Event "Match"]
[Site "www.echecsemail.com"]
[Date "2016.07.30"]
[Round "1"]
[White "Janerol"]
[Black "Yorli"]
[WhiteElo "999"]
[BlackElo "1499"]
[Result "0-1"]
[Round "1"]
1.e4 e5
2.Ng1f3 Nb8c6
3.Bf1b5 Ng8f6
4.Bb5xc6 Bf8d6
5.Bc6b5 O-O
6.O-O Qd8e7
7.d3 c6
8.Bb5c4 b5
9.Bc4b3 a5
10.Bc1g5 a4
11.Bg5xf6 Qe7xf6
12.a3 axb3
13.cxb3 b4
14.a4 c5
15.Nb1d2 Bd6c7
16.Nd2c4 d6
17.g3 Bc8g4
18.h3 Bg4xf3
19.Qd1e1 Qf6h6
20.Nc4d2 Qh6h5
21.h4 Bf3e2
22.Kg2 Be2xf1
23.Qe1xf1 Qh5h6
24.Qf1d1 Qh6e6
25.Nd2c4 d5
26.exd5 Qe6e7
27.Qd1e1 Rf8e8
28.Qe1d2 Qe7d7
29.Ra1e1 Qd7xd5
30.f3 Re8e6
31.Kh2 Ra8e8
32.Nc4e3 Qd5xb3
33.Ne3d5 Qb3xd5
34.Kg2 Re6g6
35.g4 e4
36.fxe4 Qd5e6
37.Qd2e2 Rg6xg4
38.Kh1 Rg4xh4
39.Kg2 Qe6e5
40.Kf3 Rh4h3
41.Kg4 Qe5g3
42.Kf5 Re8e5

0-1

[Event "1/32 Finale"]
[Site "www.chess-mail.com"]
[Date "2016.07.30"]
[Round "1"]
[White "Szustan"]
[Black "Raven16"]
[WhiteElo "2590"]
[BlackElo "2240"]
[Result "1-0"]
[Round "1"]
1.e4 e5
2.Ng1f3 Nb8c6
3.Nb1c3 Ng8f6
4.d4 exd4
5.Nc3d5 Nf6xd5
6.exd5 Nc6b4
7.Bf1c4 Qd8e7
8.Kf1 d6
9.a3 Nb4a6
10.Qd1xd4 f6
11.Bc1d2 Kf7
12.Ra1e1 { resign }
1-0

[Event "Tourn. n8851"]
[Site "www.chess-mail.com"]
[Date "2016.07.31"]
[Round "1"]
[White "Prize64"]
[Black "Leo57"]
[WhiteElo "2390"]
[BlackElo "2800"]
[Result "0-1"]
[Round "1"]
1.e4 e6
2.d4 d5
3.Nb1c3 Ng8f6
4.e5 Nf6d7
5.f4 c5
6.Ng1f3 Nb8c6
7.Bc1e3 cxd4
8.Nf3xd4 Bf8c5
9.Qd1d2 Nc6xd4
10.Be3xd4 Bc5xd4
11.Qd2xd4 Qd8b6
12.Nc3e2 Qb6xd4
13.Ne2xd4 Ke7
14.c3 g5
15.g3 gxf4
16.gxf4 f6
17.Nd4f3 fxe5
18.fxe5 Rh8f8
19.Bf1e2 Rf8f5
20.O-O Nd7xe5
21.Nf3xe5 Rf5xe5
22.Be2d3 Bc8d7
23.Rf1f3 Ra8g8
24.Kf2 Re5h5
25.h3 e5
{ resign }
0-1

[Event "Tourn. n8838"]
[Site "www.chess-mail.com"]
[Date "2016.07.31"]
[Round "1"]
[White "Redabond"]
[Black "Bluetealeaf"]
[WhiteElo "1640"]
[BlackElo "1750"]
[Result "1-0"]
[Round "1"]
1.d4 d5
2.Bc1f4 Nb8c6
3.Nb1c3 a6
4.Ng1f3 f6
5.e3 g5
6.Bf4g3 Ng8h6
7.Bf1d3 Bc8e6
8.O-O g4
9.Nf3d2 Nh6f7
10.f3 Nf7h6
11.f4 f5
12.Bg3h4 Qd8d6
13.h3 gxh3
14.gxh3 Rh8g8
15.Kf2 Be6f7
16.Bh4g5 Bf7g6
17.Bd3e2 Nh6f7
18.Nd2f3 h6
19.Bg5h4 Bf8g7
20.Nf3e5 Nc6xe5
21.fxe5 Qd6e6
22.Be2f3 c6
23.Nc3a4 b5
24.Na4c5 Qe6c8
25.Rf1g1 e6
26.c3 h5
27.Rg1xg6 Nf7h6
28.Rg6xe6 Kf7
29.Bf3xh5 Kf8
30.Bh4e7 { resign }
1-0

[Event "Tourn. n8861"]
[Site "www.chess-mail.com"]
[Date "2016.07.31"]
[Round "1"]
[White "Julian"]
[Black "Bojan"]
[WhiteElo "2050"]
[BlackElo "1960"]
[Result "1-0"]
[Round "1"]
1.e4 e5
2.Ng1f3 d6
3.d4 exd4
4.Qd1xd4 Nb8c6
5.Qd4a4 Bc8d7
6.Qa4b3 b6
7.c3 h6
8.Bc1e3 Bf8e7
9.Nb1d2 Ng8f6
10.Bf1b5 Nc6a5
11.Bb5xd7 Qd8xd7
12.Qb3c2 Qd7c6
13.O-O Na5c4
14.Nd2xc4 Qc6xc4
15.e5 Nf6g4
16.Be3d4 O-O
17.exd6 Be7xd6
18.h3 c5
19.Bd4xg7 Kxg7
20.hxg4 Qc4xg4
21.Ra1d1 Ra8d8
22.Rf1e1 Rf8g8
23.Re1e4 Qg4g6
24.Qc2e2 Kh7
25.Nf3h4 Qg6f6
26.g3 Bd6c7
27.Rd1xd8 Bc7xd8
28.Qe2d3 Kh8
29.Nh4g2 Qf6g5
30.Ng2e1 Bd8c7
31.Ne1f3 Qg5f5
32.Qd3e3 Kh7
33.Nf3h4 Qf5h5
34.Qe3d3 Qh5g5
35.Re4g4 { resign }
1-0

[Event "Tourn. n8717"]
[Site "www.chess-mail.com"]
[Date "2016.07.31"]
[Round "1"]
[White "Hundegana"]
[Black "Falcoale"]
[WhiteElo "1880"]
[BlackElo "1730"]
[Result "0-1"]
[Round "1"]
1.c4 Ng8f6
2.b3 e6
3.Bc1b2 c5
4.g3 Nb8c6
5.Bf1g2 d5
6.d3 Bf8e7
7.f4 O-O
8.Ng1f3 d4
9.O-O Nf6g4
10.Bb2c1 Be7f6
11.h3 Ng4e3
12.Bc1xe3 dxe3
13.Nb1a3 Nc6d4
14.Nf3xd4 cxd4
15.Na3c2 e5
16.Kh2 Ra8b8
17.Ra1b1 exf4
18.Rf1xf4 Bf6e5
19.Rf4f3 b6
20.Rf3f1 Qd8d6
21.Qd1e1 f5
22.Bg2f3 Rf8f6
23.Rf1g1 Rf6g6
24.Nc2b4 Rg6h6
25.Nb4c6 f4
26.g4 Bc8b7
27.Nc6xe5 Qd6xe5
28.Bf3xb7 Rb8xb7
29.b4 f3
30.Rg1g3 f2
31.Qe1h1 Rb7f7
32.Rb1f1 Rh6f6
33.Qh1a8 Rf7f8
34.Qa8xa7 Qe5d6
35.b5 Rf8b8
36.Qa7a4 Rf6f8
37.Qa4b3 Rb8a8
38.Kg2 Rf8f7
39.Rg3f3 Ra8f8
40.Rf3xf7 Rf8xf7
41.a4 Qd6g6
42.Qb3b4 Rf7a7
43.Rf1h1 Qg6e8
44.Kf1 Qe8a8
45.Rh1h2 Ra7xa4
46.Qb4xa4 Qa8xa4
47.Rh2xf2 exf2
48.Kxf2 Qa4d1
49.g5 Qd1h1
50.Kg3 Qh1f1
51.c5 bxc5
52.b6 Qf1xe2
53.b7 Qe2xd3
54.Kh2 Qd3b3
55.h4 Qb3xb7
56.Kg3 Qb7e4
57.h5 d3
58.h6 g6
59.Kh3 d2
60.Kg3 d1Q
61.Kh3 Qd1d3
62.Kh2 Qe4e2
63.Kg1 Qd3d1
{ resign }
0-1

[Event "Tourn. n8776"]
[Site "www.chess-mail.com"]
[Date "2016.07.31"]
[Round "1"]
[White "Heiserman"]
[Black "Jhzes"]
[WhiteElo "2340"]
[BlackElo "2229"]
[Result "1-0"]
[Round "1"]
1.c4 e5
2.Nb1c3 b6
3.Ng1f3 Nb8c6
4.e4 Ng8f6
5.d3 Bf8c5
6.Bf1e2 d6
7.O-O h6
8.a3 Bc8g4
9.Nc3a4 Bc5d4
10.Nf3xd4 Nc6xd4
11.Be2xg4 h5
12.Bg4e2 Nd4xe2
13.Qd1xe2 Qd8d7
14.Na4c3 c6
15.f4 h4
16.fxe5 dxe5
17.Bc1g5 Nf6g4
18.h3 Ng4h6
19.Bg5xh6 Rh8xh6
20.Qe2g4 Qd7xg4
21.hxg4 Rh6g6
22.Rf1f5 Rg6xg4
23.Rf5h5 O-O-O
24.Rh5xe5 Rd8xd3
25.Ra1d1 Rd3g3
26.Re5e8 Kb7
27.Rd1d7 Ka6
28.Re8e7 Rg3xg2
29.Kf1 Rg2g1
30.Ke2 Rg4g2
31.Kd3 Rg2g3
32.Kd4 c5
33.Ke5 Rg3g5
34.Kd6 Rg5g6
35.Kd5 Rg1g5
36.e5 Rg5xe5
37.Kxe5 Rg6e6
38.Re7xe6 fxe6
39.Rd7xg7 h3
40.Rg7h7 { resign }
1-0

[Event "Tourn. n8814"]
[Site "www.chess-mail.com"]
[Date "2016.07.31"]
[Round "1"]
[White "A27l"]
[Black "Didpa"]
[WhiteElo "1230"]
[BlackElo "1430"]
[Result "1-0"]
[Round "1"]
1.e4 e5
2.d3 c6
3.Ng1f3 d6
4.h3 Ng8f6
5.Bf1e2 Bc8d7
6.O-O g6
7.Nf3h2 Bf8g7
8.Be2g4 O-O
9.Bg4xd7 Nb8xd7
10.Bc1g5 d5
11.Bg5xf6 Bg7xf6
12.Nh2g4 d4
13.Ng4xf6 Qd8xf6
14.Qd1f3  { time }
1-0

[Event "Tourn. n8862"]
[Site "www.chess-mail.com"]
[Date "2016.07.31"]
[Round "1"]
[White "Estonia"]
[Black "Orhany24"]
[WhiteElo "2010"]
[BlackElo "2160"]
[Result "0-1"]
[Round "1"]
1.d4 d5
2.c4 c6
3.e3 Ng8f6
4.Nb1c3 Bc8f5
5.Ng1f3 Nb8d7
6.Bf1e2 e6
7.Bc1d2 Bf8e7
8.O-O O-O
9.a3 a5
10.Nf3h4 Bf5g6
11.Nh4xg6 fxg6
12.Ra1c1 e5
13.dxe5 Nd7xe5
14.cxd5 cxd5
15.Nc3b5 Qd8b6
16.b4 axb4
17.Bd2xb4 Be7xb4
18.axb4 Kh8
19.h3 Ra8d8
20.Rc1b1 Nf6e4
21.Rb1b3 Ne5c4
22.Nb5d4 Nc4d2
23.Be2d3 Nd2xb3
24.Nd4xb3 Qb6xb4
25.Bd3xe4 dxe4
26.Nb3d4 Qb4c4
27.Qd1g4 Rd8e8
28.Qg4d1 b5
29.Qd1b1 b4
30.Rf1c1 Qc4f7
31.Rc1f1 Re8b8
32.Qb1xe4 b3
33.Nd4f3 Rf8c8
34.Rf1d1 b2
35.Nf3e5 Qf7b3
36.Rd1b1 Rc8c1
37.Kh2 Rc1xb1
38.Qe4xb1 Rb8c8
39.Ne5xg6 hxg6
40.Qb1xg6 b1Q
41.Qg6h5 Qb1h7
42.Qh5g4 Qb3b8
{ resign }
0-1

[Event "Tourn. n8867"]
[Site "www.chess-mail.com"]
[Date "2016.07.31"]
[Round "1"]
[White "Paaliaq"]
[Black "Conde7"]
[WhiteElo "2580"]
[BlackElo "2830"]
[Result "0-1"]
[Round "1"]
1.d4 Ng8f6
2.Ng1f3 e6
3.c4 Bf8b4
4.Nb1d2 O-O
5.a3 Bb4e7
6.e4 d5
7.e5 Nf6d7
8.Bf1d3 c5
9.h4 g6
10.h5 cxd4
11.cxd5 exd5
12.e6 Nd7c5
13.exf7 Rf8xf7
14.Bd3b1 Be7f6
15.hxg6 hxg6
16.Bb1xg6 Rf7g7
17.Rh1h6 Qd8e7
18.Kf1 d3
19.Kg1 Qe7e2
20.Qd1f1 Bc8g4
21.Bg6xd3 Qe2xd3
22.Rh6xf6 Nb8d7
23.Rf6f4 Qd3g6
24.g3 Nc5e6
25.Rf4b4 Ra8f8
26.Qf1g2 a5
27.Rb4b3 Nd7c5
28.Nf3h4 Qg6h5
{ resign }
0-1

[Event "Tourn. n8840"]
[Site "www.chess-mail.com"]
[Date "2016.07.31"]
[Round "1"]
[White "Raven16"]
[Black "Tartan"]
[WhiteElo "2250"]
[BlackElo "2350"]
[Result "0-1"]
[Round "1"]
1.e4 c5
2.Ng1f3 Nb8c6
3.d4 cxd4
4.Nf3xd4 g6
5.Bc1e3 Ng8f6
6.Nb1c3 Bf8g7
7.Bf1b5 O-O
8.O-O a6
9.Bb5xc6 dxc6
10.Qd1e2 e5
11.Nd4b3 b6
12.Ra1d1 Qd8c7
13.Rd1d2 Bc8e6
14.Rf1d1 h6
15.f3 Rf8b8
16.Qe2f2 a5
17.h3 a4
18.Nb3c1 Nf6h5
19.Nc1d3 Nh5f4
20.Nd3xf4 exf4
21.Be3d4 f6
{ resign }
0-1

[Event "Tourn. n8849"]
[Site "www.chess-mail.com"]
[Date "2016.07.31"]
[Round "1"]
[White "Cal"]
[Black "Tomcapp"]
[WhiteElo "1640"]
[BlackElo "1520"]
[Result "1-0"]
[Round "1"]
1.d4 d5
2.h3 Nb8c6
3.e3 Ng8f6
4.a3 e6
5.Nb1c3 g6
6.b4 a6
7.Ng1f3 Bf8g7
8.Bf1d3 O-O
9.Bc1b2 b5
10.Nc3e2 e5
11.dxe5 Nf6e4
12.O-O Bc8f5
13.Bd3xe4 Bf5xe4
14.Ne2f4 Be4xf3
15.Qd1xf3 Qd8e7
16.g4 a5
17.c3 axb4
18.cxb4 Nc6a7
19.Nf4xd5  { time }
1-0

[Event "Tourn. n8866"]
[Site "www.chess-mail.com"]
[Date "2016.07.31"]
[Round "1"]
[White "Viru"]
[Black "Osopanda"]
[WhiteElo "1920"]
[BlackElo "1970"]
[Result "0-1"]
[Round "1"]
1.e4 c5
2.Ng1f3 Nb8c6
3.Bf1b5 Nc6d4
4.Nf3xd4 cxd4
5.O-O a6
6.Bb5c4 e6
7.c3 dxc3
8.Nb1xc3 d6
9.d4 b5
10.Bc4b3 Bc8b7
11.Rf1e1 Ng8f6
12.h3 Bf8e7
13.e5 dxe5
14.dxe5 Nf6d5
15.Nc3e4 O-O
16.Qd1g4 f5
17.exf6 Nd5xf6
18.Bb3xe6 Kh8
{ resign }
0-1

[Event "Match"]
[Site "www.echecsemail.com"]
[Date "2016.07.31"]
[Round "1"]
[White "Micheles"]
[Black "Godrad"]
[WhiteElo "2560"]
[BlackElo "1809"]
[Result "1-0"]
[Round "1"]
1.d4 f5
2.Ng1f3 Ng8f6
3.g3 e6
4.Bf1g2 d5
5.O-O Bf8d6
6.c4 c6
7.b3 Qd8e7
8.Bc1b2 O-O
9.Nb1d2 Nf6e4
{ time. }
1-0

[Event "Match"]
[Site "www.echecsemail.com"]
[Date "2016.07.31"]
[Round "1"]
[White "Gimmyg"]
[Black "Jhzes"]
[WhiteElo "2510"]
[BlackElo "1950"]
[Result "1-0"]
[Round "1"]
1.Ng1f3 d5
2.g3 Nb8c6
3.d4 g6
4.c4 Bc8f5
5.cxd5 Nc6b4
6.Qd1a4 c6
7.Qa4xb4 e6
8.Qb4xb7 cxd5
9.e4 Bf5xe4
10.Bf1b5 { resign }
1-0

[Event "Match"]
[Site "www.echecsemail.com"]
[Date "2016.07.31"]
[Round "1"]
[White "Joseph1983"]
[Black "Jaguar91"]
[WhiteElo "2060"]
[BlackElo "2150"]
[Result "0-1"]
[Round "1"]
1.d4 Ng8f6
2.c4 e6
3.Ng1f3 b6
4.g3 Bf8e7
5.Bf1g2 Bc8b7
6.O-O d5
7.Nf3e5 Nb8d7
8.Ne5xd7 Qd8xd7
9.Nb1c3 h5
10.h4 Nf6g4
11.Bc1f4 g5
12.hxg5 h4
13.f3 h3
14.Bg2h1 e5
15.dxe5 Be7c5
16.e3 Bc5xe3
17.Bf4xe3 h2
{ resign }
0-1

[Event "1/32 Finale"]
[Site "www.chess-mail.com"]
[Date "2016.07.31"]
[Round "1"]
[White "Avg"]
[Black "Szustan"]
[WhiteElo "2050"]
[BlackElo "2670"]
[Result "0-1"]
[Round "1"]
1.d4 d5
2.Bc1g5 h6
3.Bg5f4 Ng8f6
4.Nb1c3 e6
5.e3 Bf8b4
6.a3 Bb4xc3
7.bxc3 c5
8.c4 O-O
9.Bf1d3 Nb8c6
10.Ng1f3 dxc4
11.Bd3xc4 Qd8a5
12.Qd1d2 Qa5xd2
13.Nf3xd2 cxd4
14.exd4 Nc6xd4
15.O-O-O b5
16.Bc4d3 Bc8b7
17.f3 Nf6d5
18.Bf4e5 Nd4c6
19.Be5d6 Rf8d8
20.Bd6c5 Nd5c3
21.Rd1e1 a6
22.Re1e3 Nc3d5
23.Re3e4 Ra8c8
24.Rh1e1 Nd5f6
25.Re4e3 Nc6d4
26.Bc5xd4 Rd8xd4
27.Nd2b3 Rd4d7
28.Re1d1 Rd7c7
29.Kb2 Nf6d5
30.Re3e1 Nd5c3
31.Rd1c1 Nc3a4
32.Kb1 Kf8
33.Bd3e4 Bb7xe4
34.fxe4 Na4b6
35.g4 Nb6c4
36.Ka2 Nc4e5
37.Re1e2 Ne5xg4
38.Kb2 Ng4e5
39.Rc1d1 Ne5c4
40.Ka2 Nc4b6
41.Rd1d2 Nb6a4
42.Ka1 e5
43.Nb3a5 f6
44.h4 Rc7c3
45.Ka2 Rc3h3
46.Re2h2 Rh3xh2
47.Rd2xh2 Na4c3
 { time }
0-1

[Event "Tourn. n8821"]
[Site "www.chess-mail.com"]
[Date "2016.08.01"]
[Round "1"]
[White "Prize64"]
[Black "Tartan"]
[WhiteElo "2390"]
[BlackElo "2350"]
[Result "0-1"]
[Round "1"]
1.e4 c5
2.Ng1f3 Nb8c6
3.Bf1b5 g6
4.O-O Bf8g7
5.c3 Ng8f6
6.Rf1e1 O-O
7.Bb5xc6 dxc6
8.d3 Qd8c7
9.h3 c4
10.dxc4 Rf8d8
11.Qd1e2 e5
12.Bc1g5 h6
13.Bg5h4 Bc8e6
14.b3 Rd8d7
15.Nb1d2 Nf6h5
16.Bh4g3 Nh5xg3
17.fxg3 Ra8d8
18.Ra1d1 Qc7a5
19.b4 Qa5xa2
20.Rd1a1 Qa2b2
{ resign }
0-1

[Event "Tourn. n8795"]
[Site "www.chess-mail.com"]
[Date "2016.08.01"]
[Round "1"]
[White "Jhzes"]
[Black "Hundegana"]
[WhiteElo "1960"]
[BlackElo "2000"]
[Result "1-0"]
[Round "1"]
1.c4 f5
2.e4 d6
3.Nb1c3 g6
4.exf5 Bc8xf5
5.d4 Bf8g7
6.Bc1e3 Ng8f6
7.f3 O-O
8.g4 Bf5d7
9.Bf1d3 c6
10.h4 c5
11.d5 a6
12.h5 Bd7e8
13.hxg6 Be8xg6
14.g5 Nf6e8
15.Qd1c2 e5
16.dxe6 Qd8e7
17.Bd3xg6 Qe7xe6
18.Bg6xh7 Kf7
19.g6 Ke7
20.Rh1h2 Kd7
21.Rh2e2 Qe6xc4
22.O-O-O Bg7xc3
23.Qc2xc3 Qc4xc3
24.bxc3 Nb8c6
25.Be3h6 Rf8f6
26.Bh6g5 Rf6e6
27.Re2xe6 Kxe6
28.Bh7g8 Kf5
29.Ng1h3 Kxg6
30.Rd1e1 Ne8f6
31.Bg8b3 Nc6e5
32.Re1e3 Ra8h8
33.f4 Nf6g4
34.Re3g3 c4
35.fxe5 Ng4xe5
36.Nh3f4 Kf7
37.Bb3c2 b5
38.Bc2e4 Rh8h2
39.Be4d5 Ke8
40.Nf4e6 Rh2xa2
41.Bg5h4 Ne5d3
42.Kb1 Ra2b2
43.Ka1 a5
44.Rg3xd3 cxd3
45.Kxb2 a4
46.Ne6c7 Kd7
47.Nc7xb5 Ke8
48.Nb5xd6 Kd7
49.Nd6b5 Kc8
50.Ka3 d2
51.Bd5f3 Kd7
52.Kxa4 Ke6
53.c4 Kd7
54.c5 Kc8
55.c6 Kb8
56.Nb5d6 Kc7
57.Nd6e8 Kc8
58.Bf3g4 Kb8
59.c7 Ka7
60.c8Q d1Q
61.Bg4xd1 Kb6
62.Bh4f2 
1-0

[Event "Tourn. n8863"]
[Site "www.chess-mail.com"]
[Date "2016.08.01"]
[Round "1"]
[White "Bojan"]
[Black "Francesco"]
[WhiteElo "1960"]
[BlackElo "1980"]
[Result "1-0"]
[Round "1"]
1.b4 b5
2.a4 bxa4
3.Ra1xa4 Bc8b7
4.c4 e5
5.Bc1b2 Qd8g5
6.Ng1f3 Bb7xf3
7.exf3 Ng8f6
8.g3 Nb8c6
9.b5 Nc6b4
10.Bb2c3 a5
11.Qd1e2 Bf8d6
12.h4 Qg5f5
13.Qe2d1 O-O
14.d3 Rf8e8
15.g4 Qf5e6
16.Nb1d2 Bd6c5
17.Bf1h3 Qe6b6
18.Qd1e2 Nb4c2
19.Kf1 d5
20.Nd2b3 Nc2b4
21.Nb3xc5 Qb6xc5
22.Bc3xe5 dxc4
23.d4 Qc5xb5
24.Ra4a3 Nb4d3
25.Qe2c2 Nf6d5
26.Kg2 Nd5b4
27.Qc2b1 f6
28.Be5xc7 Re8e2
29.Rh1f1 Ra8e8
30.Ra3xa5 Qb5d7
31.Bc7g3 Qd7xd4
32.Qb1a1 Nb4c2
33.Qa1xd4 Nc2xd4
34.Ra5d5 Nd3e1
35.Rf1xe1 Re2xe1
36.Rd5xd4 c3
37.Rd4c4 Re1c1
38.Bg3f4 Rc1c2
39.Kg3 Re8e2
40.Bf4e3 Kf7
41.Bh3f1 Re2e1
42.Bf1d3 Rc2a2
43.Rc4xc3 Ra2a1
44.Rc3c7 Kf8
45.Bd3xh7 Re1g1
46.Kf4 Ra1a4
47.Kf5 Ra4a5
48.Kg6 f5
49.Be3c5 Ke8
50.Kxg7 fxg4
51.Bh7g6 Kd8
52.Bc5b6 { resign }
1-0

[Event "Tourn. n8821"]
[Site "www.chess-mail.com"]
[Date "2016.08.01"]
[Round "1"]
[White "Faerieking"]
[Black "Prize64"]
[WhiteElo "2240"]
[BlackElo "2390"]
[Result "0-1"]
[Round "1"]
1.e4 c5
2.Ng1f3 e6
3.Nb1c3 Nb8c6
4.d4 cxd4
5.Nf3xd4 Qd8c7
6.Bc1e3 a6
7.Qd1d2 Ng8f6
8.a3 b5
9.f3 Bc8b7
10.Bf1e2 b4
11.Nc3a4 bxa3
12.bxa3 Nc6e5
13.O-O Bf8e7
14.c4 Ne5xc4
15.Be2xc4 Qc7xc4
16.Na4b6 Qc4c7
17.Nb6xa8 Bb7xa8
18.Rf1c1 Qc7d8
19.Nd4b3 O-O
20.Nb3a5 d5
21.e5 Nf6d7
22.f4 Qd8b8
23.Ra1b1 Qb8d8
24.Qd2c3 g5
25.g3 gxf4
26.gxf4 Kh8
27.Na5b7 Rf8g8
28.Kh1 d4
29.Be3xd4 Nd7c5
30.h3 Qd8d5
{ resign }
0-1

[Event "Match"]
[Site "www.echecsemail.com"]
[Date "2016.08.01"]
[Round "1"]
[White "Jhzes"]
[Black "Liencam2"]
[WhiteElo "1960"]
[BlackElo "2300"]
[Result "0-1"]
[Round "1"]
1.d4 Ng8f6
2.c4 g6
3.Nb1c3 Bf8g7
4.Bc1f4 d6
5.Ng1f3 O-O
6.e3 Nb8d7
7.b3 b6
8.Bf1d3 Bc8b7
9.e4 Rf8e8
10.Qd1e2 Nf6h5
11.Bf4e3 e5
12.d5 Nd7c5
13.Be3xc5 bxc5
14.O-O-O Nh5f4
15.Qe2f1 Bb7c8
16.h3 a5
17.a4 Bc8a6
18.Bd3c2 Qd8b8
19.g3 Nf4h5
20.Qf1g2 Qb8b4
21.Nc3b1 Bg7h6
22.Nf3d2 Ra8b8
23.Rh1f1 Ba6xc4
24.Rf1e1 Bc4xb3
25.Qg2f3 Qb4xa4
26.Qf3d3 c4
27.Qd3c3 Rb8b4
28.g4 Re8b8
29.gxh5 Bb3xc2
30.Qc3xc2 Rb4xb1
31.Qc2xb1 Qa4a3
32.Kc2 Qa3d3
{ resign }
0-1

[Event "Match"]
[Site "www.echecsemail.com"]
[Date "2016.08.01"]
[Round "1"]
[White "Gilliere"]
[Black "Drawlward"]
[WhiteElo "2070"]
[BlackElo "1809"]
[Result "0-1"]
[Round "1"]
1.e4 c5
2.Ng1f3 d6
3.d4 cxd4
4.Nf3xd4 Ng8f6
5.Nb1c3 a6
6.Bc1e3 e5
7.Nd4f3 Bf8e7
8.Bf1c4 O-O
9.O-O Bc8e6
10.Bc4xe6 fxe6
11.Be3g5 Nb8c6
12.Bg5xf6 Rf8xf6
13.a3 Qd8c7
14.b4 Nc6xb4
15.axb4 Qc7xc3
16.Ra1b1 Ra8c8
17.Rb1b3 Qc3xc2
18.Qd1xc2 Rc8xc2
19.Rf1b1 Rf6f4
20.Rb3e3 Be7d8
21.g3 Rf4f8
22.Re3b3 Bd8b6
23.Rb1f1 d5
24.exd5 e4
25.Nf3e1 Rc2xf2
26.Rf1xf2 Rf8xf2
27.dxe6 Rf2b2
28.Kf1 Rb2xb3
{ resign }
0-1

[Event "Match"]
[Site "www.echecsemail.com"]
[Date "2016.08.01"]
[Round "1"]
[White "Rindrandria"]
[Black "Ranjachess"]
[WhiteElo "1660"]
[BlackElo "1730"]
[Result "0-1"]
[Round "1"]
1.e4 e5
2.h3 d5
3.Qd1f3 Ng8f6
4.Qf3b3 Nf6xe4
5.Ng1f3 Bf8c5
6.Nf3xe5 Ne4xf2
7.Qb3b5 Nb8d7
8.Ne5xd7 Bc8xd7
9.Qb5xc5 Nf2xh1
10.g4 Nh1g3
11.Qc5xd5 Ng3xf1
12.Kxf1 Qd8f6
13.Kg1 O-O-O
14.Qd5c5 b6
15.Qc5b4 Bd7c6
16.d3 Qf6f3
17.Qb4d2 Qf3h1
18.Kf2 Qh1g2
19.Ke1 Rh8e8
20.Kd1 Bc6f3
21.Qd2e2 Qg2xe2

0-1

[Event "Match"]
[Site "www.echecsemail.com"]
[Date "2016.08.01"]
[Round "1"]
[White "Steel"]
[Black "Krystek23"]
[WhiteElo "1809"]
[BlackElo "2310"]
[Result "1-0"]
[Round "1"]
1.e4 c5
2.Ng1f3 e6
3.d4 cxd4
4.Nf3xd4 d6
5.c4 Nb8c6
6.Bf1e2 Ng8f6
7.Nb1c3 Bc8d7
8.O-O a6
9.Bc1e3 Qd8c7
10.f4 Bf8e7
11.Nd4b3 h5
12.h3 h4
13.Ra1c1 Ra8c8
14.a3 Nc6b8
15.Nb3d2 Bd7c6
16.b4 Kf8
17.Nc3d5 exd5
18.cxd5 Qc7d8
19.dxc6 Nb8xc6
20.Be2f3 Kg8
21.Qd1b3 Qd8d7
22.Nd2c4 Rc8d8
23.e5 Nf6h5
24.Rf1d1 d5
25.Nc4b6 Qd7e8
26.Bf3xd5 Nh5g3
27.e6 f6
28.Bd5f3 Kh7
29.Rd1d7 Rd8b8
30.Nb6d5 Be7d8
31.Qb3b1 Qe8g6
32.f5 Qg6xf5
33.Qb1xf5 Ng3xf5
34.Bf3e4 Kg6
35.Rc1f1 Rh8h5
36.Rf1xf5 Rh5xf5
37.Nd5f4 Kh7
38.Be4xf5 Kg8
39.Nf4g6 Nc6e5
40.Ng6xe5 fxe5
41.e7 Bd8xe7
42.Rd7xe7 b5
43.Be3g5 a5
44.bxa5 b4
45.axb4 e4
46.Bf5xe4 { resign }
1-0

[Event "Match"]
[Site "www.echecsemail.com"]
[Date "2016.08.01"]
[Round "1"]
[White "Ztornad"]
[Black "Chapi"]
[WhiteElo "1770"]
[BlackElo "2100"]
[Result "1-0"]
[Round "1"]
1.e4 c5
2.c4 Nb8c6
3.Ng1e2 Ng8f6
4.Nb1c3 g6
5.Ne2f4 Bf8g7
6.Nc3d5 Nf6xe4
7.Qd1e2 Ne4f6
8.Nd5xf6 Bg7xf6
9.Nf4d5 Bf6g7
10.d3 O-O
11.g3 Nc6d4
12.Qe2d1 b6
13.Bf1g2 Ra8b8
14.Nd5c3 Bc8b7
15.Bg2xb7 Rb8xb7
16.O-O e6
17.Nc3e4 d5
18.Ne4g5 Qd8f6
19.f4 b5
20.cxd5 exd5
21.Bc1d2 Nd4c6
22.Bd2c3 d4
23.Bc3d2 Qf6f5
24.Qd1f3 Rb7c7
25.Ng5e4 Qf5d5
26.Ne4f6 Bg7xf6
27.Qf3xd5 Nc6e7
28.Qd5f3 c4
29.dxc4 bxc4
30.Ra1b1 Rf8b8
31.b4 c3
32.Rf1c1 Rb8c8
33.Bd2e1 Ne7c6
34.a3 Rc7e7
35.Be1f2 Re7d7
36.Qf3g4 Rc8d8
37.b5 Nc6a5
38.f5 d3
39.Bf2e1 c2
40.Be1xa5 Rd8c8
41.fxg6 cxb1Q
42.gxf7 Kf8
43.Qg4g8 Ke7
44.Qg8xc8 Qb1xc1
45.Qc8xc1 Kxf7
46.Qc1c4 Kg7
47.Qc4g4 { resign }
1-0

[Event "Match"]
[Site "www.echecsemail.com"]
[Date "2016.08.01"]
[Round "1"]
[White "Jhzes"]
[Black "Yangqi"]
[WhiteElo "1850"]
[BlackElo "2700"]
[Result "0-1"]
[Round "1"]
1.Ng1f3 f5
2.e3 Ng8f6
3.c4 g6
4.b4 Nb8c6
5.a3 e5
6.d4 e4
7.Nf3e5 Nc6xe5
8.dxe5 Nf6g4
9.Bc1b2 Bf8g7
10.Qd1d5 Qd8e7
11.g3 Ng4xe5
12.Nb1c3 c6
13.Qd5d1 Ne5f3
14.Ke2 d6
15.Qd1a4 O-O
16.Qa4b3 Bc8e6
17.Kd1 a5
18.Ra1b1 Rf8d8
19.Kc2 Qe7f7
20.bxa5 Ra8xa5
21.Qb3b6 Rd8a8
22.a4 Be6xc4
23.Bf1xc4 Qf7xc4
24.Rh1d1 Bg7xc3
25.Bb2xc3 Ra5xa4
26.Rd1xd6 Ra4a2
27.Rb1b2 Ra2xb2
28.Kxb2 Qc4a2
29.Kc1 Qa2a3
30.Bc3b2 Qa3xd6
31.Qb6xb7 Qd6d2
32.Kb1 Qd2d1
33.Bb2c1 Nf3d2
{ resign }
0-1

[Event "Match"]
[Site "www.echecsemail.com"]
[Date "2016.08.01"]
[Round "1"]
[White "Mdesouza"]
[Black "Jhzes"]
[WhiteElo "2330"]
[BlackElo "1840"]
[Result "1-0"]
[Round "1"]
1.e4 c5
2.Nb1c3 g6
3.Ng1f3 e6
4.d4 a6
5.Bc1e3 b6
6.Bf1e2 Bf8g7
7.dxc5 b5
8.O-O Nb8c6
9.Qd1d6 Qd8e7
10.Qd6c7 b4
11.Nc3a4 Ra8a7
12.Qc7xc8 Nc6d8
13.c6 dxc6
14.Be3xa7 Qe7xa7
15.Ra1d1 Bg7f6
16.Nf3e5 { resign }
1-0